000 00542nam a2200193Ia 4500
003 LDD
008 181029s9999 xx 000 0 und d
020 _a1412908655
_cP 24.99
040 _cLDD
100 _aAvlonitis, George
245 0 _aProduct services management
_cGeorge Avlonitis
260 _aNew Delhi
_bSage
_c2006
300 _aviii, 270p
365 _bP 24.99
901 _a3756
_b31-01-2007
902 _aANE/D/635
_b13-02-2007
_cF
_dANE
_e65
903 _aDiscount-10
_bReqst by : N.V.Narasimhan
942 _2ddc
_cBK
999 _c78138
_d78138